Epic Song Titles by Jim Steinman (Meat Loaf) - Statistics

General Stats
  • This quiz has been taken 174 times
  • The average score is 9 of 18
Answer Stats
Song Title % Correct
I'd Do Anything for Love (But I Won't Do {That})
98%
Total Eclipse of the {Heart}
97%
{Paradise} by the Dashboard Light
78%
Objects in the {Rear} {View} {Mirror} May Appear Closer Than They Are
73%
Making {Love} Out of Nothing at All
63%
All {Revved} Up with No Place to Go
57%
Life Is a {Lemon} and I Want My Money Back
53%
Good Girls Go to Heaven (Bad Girls Go {Everywhere})
49%
If It Ain't Broke, {Break} It
48%
Rock and Roll Dreams Come {Through}
45%
Loving You's a {Dirty} Job but Somebody's Gotta Do It
39%
I'll {Kill} You if You Don't Come Back
37%
Everything {Louder} than Everything Else
34%
In the Land of the Pig, the {Butcher} is King
34%
Faster Than the Speed of {Night}
26%
Rebel Without a {Clue}
25%
The {Future} Ain't What It Used to Be
21%
{Dance} in My Pants
20%
No matching quizzes found
Score Distribution
Percent of People with Each Score
Percentile by Number Answered
Your Score History
You have not taken this quiz